MARC

LEADER 00000nam0a2200000 4500
001 292560
005 20231102000516.0
035 |a (RuTPU)RU\TPU\book\317196 
090 |a 292560 
100 |a 20150423d1983 k y0rusy50 ca 
101 0 |a rus 
102 |a RU 
105 |a a z 000zy 
200 1 |a Электрофизические и электрохимические методы обработки материалов  |e материалы семинара  |f Общество "Знание" РСФСР ; Московский Дом научно-технической пропаганды ; науч. ред. И. И. Мороз 
210 |a Москва  |c [Б. и.]  |d 1983 
215 |a 130 с.  |c ил. 
606 1 |a Электрическая обработка металлов  |2 stltpush  |3 (RuTPU)RU\TPU\subj\26845  |9 50684 
610 1 |a электротехнологии 
610 1 |a электрофизические методы 
610 1 |a электрохимические методы 
610 1 |a материалы 
610 1 |a механизация 
610 1 |a автоматизация 
610 1 |a совершенствование 
610 1 |a производства 
675 |a 621.7.047/.048  |v 4 
702 1 |a Мороз  |b И. И.  |4 340 
712 0 2 |a Общество "Знание" РСФСР  |c (Москва)  |2 stltpush  |3 (RuTPU)RU\TPU\col\7484 
712 0 2 |a Московский Дом научно-технической пропаганды  |2 stltpush  |3 (RuTPU)RU\TPU\col\7885  |9 24405 
801 1 |a RU  |b 63413507  |c 20150423 
801 2 |a RU  |b 63413507  |c 20180425  |g RCR 
942 |c BK